000 00412nam a2200145Ia 4500
008 220217s9999||||xx |||||||||||||| ||und||
020 _a0-07-462471-7
082 _a005.73 TRE
100 _aTremblay, J.P Sorenson, Paul, G
245 0 _aInteroduction to data structures with applications
250 _a2nd
260 _aTata mcgraw hill
_bNew Delhi
_c2000
300 _b235
650 _aDATA STRUCTURES
999 _c166088
_d166088